000 00483nam a22001937a 4500
003 MPLRDC
005 20220104144043.0
008 210129b ||||| |||| 00| 0 eng d
020 _a957-8406-12-6
082 _a176.4 RASB
100 _aSALLY RASBERRY
245 _a创意生活之道
_c黄玉华 译
250 _a第一版
260 _a
_b雅音出版社
_c1997
300 _b
490 _a得意生活. 18
650 _a心理过程--思维
942 _cBK
_o176.4 RASB
999 _c45945
_d45935